[Event "Moscow Tal Memorial 7th"]
[Site "Moscow"]
[Date "2012.06.08"]
[Round "1"]
[White "Grischuk, Alexander"]
[Black "McShane, Luke J"]
[Result "1-0"]
[WhiteElo "2761"]
[BlackElo "2706"]
[Annotator "Marin,M"]
[PlyCount "125"]
[EventDate "2012.06.08"]
[EventType "tourn"]
[EventRounds "9"]
[EventCountry "RUS"]
[EventCategory "22"]
[SourceTitle "CBM 149"]
[Source "ChessBase"]
[SourceDate "2012.07.17"]
[SourceVersion "1"]
[SourceVersionDate "2012.07.17"]
[SourceQuality "1"]

1. c4 Nf6 2. Nc3 e5 3. Nf3 Nc6 4. g3 Bc5 5. Bg2 d6 6. O-O O-O 7. e3 $5 {
A straight attempt to fight against the c5-bishop with d2-d4. Usually, White
advances his central pawn to d4 after thorough preparation. Or, if he wants to
do it at an early stage, it is more common to develop the king's knight to e2 
(but then everything depends on the move order, he has to count with ...d7-d5).
The game move was seen in several games played in Eastern Germany in the '70s,
most of them having Uhlmann as White.} a6 {The standard reply. Black prepares
a safe retreat for the bishop, without weakening the queenside too much (as
would be the case after 7...a5).} ({Since there is no tension yet on d4,} 7...
Bg4 {is a bit premature.} 8. h3 Bh5 9. d3 $1 {After having forced the bishop
away from the h3-c8 diagonal White does best to change plans. We can see a
similar pattern in the Ruy Lopez or the Italian Game if Black hurries with ...
Bc8-g4.} (9. g4 Bg6 10. d4 Bb6 11. b3 Re8 12. dxe5 dxe5 13. Qxd8 Raxd8 14. Rd1
Rxd1+ 15. Nxd1 h5 16. g5 Ne4 $132 {Burnett,R (2358)-Shabalov,A (2529)/
Arlington 2011/CBM 144 Extra (1/2, 27)}) 9... Qd7 10. g4 Bg6 11. Nh4 Rae8 12.
b3 a5 13. Bb2 Nd8 14. d4 $1 {A good moment to gain space, since White is well
developed and the enemy knight has just got away from the centre.} exd4 15.
exd4 Ba7 16. d5 $16 {Uhlmann,W-Thormann,W/Stralsund 1975/EXT 2000 (1-0, 25)}) (
{There seems to be nothing wrong with} 7... Re8 {though:} 8. d4 Bb6 9. h3 h6
10. a3 a5 11. b3 Bf5 (11... exd4 12. exd4 Bf5 13. Be3 {[%csl Gb6]}) 12. Bb2 ({
The so far untested} 12. dxe5 dxe5 13. Nd5 {, attacking the bishop, may be the
critical test for 7...Re8.}) 12... Qd7 ({Or} 12... exd4 13. exd4 Qd7 14. d5 Ne5
15. Nxe5 dxe5 16. g4 Bg6 17. b4 Bd4 $132 {Paehtz,T (2480)-Vogt,L (2430)/
Leipzig 1974/EXT 2003 (0-1, 26)}) 13. Kh2 Rad8 {Black's centralisation is
quite impressive and will be just enough to neutralise White's typical English
ideas.} 14. Nd5 Nxd5 15. cxd5 Ne7 16. dxe5 Be4 17. Rc1 Bxd5 18. Qc2 Qe6 19.
exd6 Rxd6 $11 {Uhlmann,W (2550)-Knaak,R (2515)/Halle 1974/MCL (0-1, 35)}) 8. d4
Ba7 ({With the white queen's bishop still on the c1-h6 diagonal, it is
premature to exchange on d4:} 8... exd4 9. exd4 Ba7 10. Be3 {The plan based on
Bc1-e3 was used by two World Champions from the old days.} (10. h3 Bf5 11. Be3
Qd7 {Euwe,M-Colle Rotterdam vs. Antwerp 1926 (1-0, 65)} 12. g4 Bg6 13. Nh4 $16)
(10. d5 {, as played in more recent years, is also good.} Ne5 11. Nxe5 dxe5 12.
Qd3 Qd7 13. Be3 Qf5 14. Qxf5 Bxf5 15. Bxa7 Rxa7 16. Rfe1 Nd7 17. c5 Nxc5 18.
Rxe5 $36 {Komljenovic,D (2460)-Karp,S (2145) Metz 1997 (1-0, 41)}) 10... h6 11.
h3 {Black has problems finding an useful job for his a7-bishop. The e3-bishop
not only defends d4 safely, but also puts pressure on the kingside.} Nh7 12.
Qd3 Ne7 13. Nh4 f5 $2 14. Nd5 $16 {Capablanca,J-Fernandez,P New York 1928 (1-0,
42)}) 9. h3 {A flexible move, preventing ...Bg4. Since Black has not made any
important commitment, it is probably too early to release the tension in the
centre.} (9. dxe5 dxe5 (9... Nxe5 10. Nxe5 dxe5 11. b3 {[%csl Gb7]}) 10. Qxd8
Rxd8 11. b3 h6 12. h3 Bf5 13. Ba3 e4 14. Nh2 Rd3 15. Rfc1 Re8 $13 {Seirawan,Y 
(2636)-Shabalov,A (2590)/Saint Louis 2011/CBM 142 (1/2, 34)}) (9. d5 Ne7 10. e4
h6 11. Qe2 b5 $5 $132 {Czerwonski,A (2350)-Strzelecki,K (2415)/Bielsko Biala
1990/EXT 1997 (1-0, 38)}) 9... Rb8 {Black prepares a slightly unusual
queenside counterplay based on ...b7-b5. In some cases (after dxe5 ...Nxe5,
Nxe5 ...dxe5) it may prove useful to have the b7-pawn defended. However, I get
the feeling that Black is neglecting his development a bit. Besides, the
advance of the b-pawn does not really solve the problem of the a7-bishop,
which will remain Black's worst piece in this game.} (9... h6 10. b3 Bf5 {
looks more natural.} 11. Bb2 ({One of the hyper-modern pioneers preferred} 11.
Ba3 Re8 12. dxe5 dxe5 13. Qxd8 Raxd8 14. Rfd1 {, which may be actually best.
Black's position looks active, but the a7-bishop is out of play for a long
time.} e4 15. Ne1 Ne5 $2 {Careless.} 16. Rxd8 Rxd8 17. Be7 Rd2 18. Bxf6 gxf6
19. g4 Bg6 20. Bxe4 $16 {Tartakower,S-Gruenfeld,E/Marienbad 1925/HCL (1-0, 39)}
) 11... exd4 12. exd4 Re8 13. Kh2 Qd7 14. a3 Bh7 15. b4 Rad8 16. Qd2 ({White
may gain some tempi over the game with} 16. c5 $5) 16... d5 17. c5 Ne4 18. Qd1
Bb8 19. Qb3 Nxc3 20. Bxc3 Ne7 21. Ne5 Qe6 22. b5 axb5 23. Qxb5 f6 24. Ng4 h5
25. Ne3 c6 26. Qxb7 h4 $132 {Malakhov,V (2692)-Tomashevsky,E (2664)/Budva 
(rapid) 2009/CBM 130 (0-1, 39). The problem bishop has become a very dangerous
attacking piece.}) 10. dxe5 $5 $146 ({Black's counterplay is not easy to
launch after} 10. b3 {either:} exd4 (10... b5 11. dxe5 Nxe5 12. Nxe5 dxe5 13.
Qe2 b4 14. Nd5 Nxd5 15. cxd5 Bc5 16. Bb2 Qe7 17. Rac1 Bd6 18. f4 f6 19. fxe5
fxe5 20. Rxf8+ Qxf8 21. Be4 $14 {Damljanovic,B (2625)-Miladinovic,I (2584)/
Zlatibor 2006/EXT 2007 (1/2, 26)}) 11. Nxd4 (11. exd4 b5 $1) 11... Nxd4 12.
exd4 b5 13. Be3 c6 14. Qd3 (14. Bxc6 Bxh3) 14... d5 15. cxd5 Nxd5 16. Nxd5 cxd5
17. Bf4 {Despite the symmetrical character of the central structure, White
retains some unpleasant initiative. The a7-bishop remains misplaced.} Ra8 18.
Rac1 Be6 19. Rc6 $36 {Adorjan,A (2520)-Garcia Palermo,C (2455)/Germany 1988/
GER-chT (1/2, 34)}) 10... Nxe5 (10... dxe5 11. b3 b5 12. Qe2 $14) 11. b3 $1 {
This way, White can maintain his space advantage in the centre. Without the
insertion of the moves h3 and ...Rb8, White could not have avoided the
exchange on e5, because of the threat ...Bg4.} ({Black's play would be easier
after} 11. Nxe5 dxe5 12. b3 Be6) 11... Nxf3+ 12. Qxf3 b5 13. Qe2 $14 {Black
has failed to create real counterplay.} bxc4 {Strategically, this looks
correct, since it exchanges an important white pawn which controls the centre.
However, White's pieces are very active and allow him to maintain the space
advantage with the help of pieces only.} (13... Be6 $6 {deprives Black of the
possibility of ...Ba6, allowing White to simply win a pawn with} 14. cxb5 axb5
15. Nxb5 $16) (13... Bd7 14. Bb2 Re8 15. Nd5 Nxd5 16. cxd5 $14) 14. Qxc4 $1 (
14. bxc4 {creats unnecessary weaknesses on c4 and c5.}) 14... a5 15. Bb2 Bd7
16. Rac1 Bc5 17. Rfd1 {White is fully mobilised and has threats on both wings.
At the same time, his structure is more compact. Additionally, Black has
problems developing his queen (and connecting the rooks)} Re8 {A neutral move,
allowing White to get the bishop pair.} (17... Rb4 {leaves the queenside
vulnerable to} 18. Qa6 $16 a4 $140 19. Nxa4 $1 Bxa4 20. Rxc5 $18) ({The
sophisticated} 17... Qe8 {prevents Na4 and gets the queen out of the dangerous
d-file, but leaves the f6-knight vulnerable. White could consider a positional
queen sacrifice in Nezhmetdinov's style:} 18. Qf4 $5 (18. Qa6 a4 $1 $132) 18...
Rb4 19. Qxf6 $3 gxf6 20. Nd5 Qe6 21. Nxf6+ Kg7 22. Nxd7+ f6 23. Nxc5 (23. Nxf8
Kxf8 24. Rd5 $36) 23... dxc5 24. Rxc5 $44) 18. Na4 $1 $16 Bxa4 19. Qxa4 Bb6 20.
Bc6 {After giving up the light-squared bishop, Black's position is hoplessly
passive.} Re7 $6 (20... Re6 21. Rc4 $5 {[%cal Gc4f4]}) 21. Bxf6 gxf6 {Black
has pawn weaknesses everywhere. In the presence of the major pieces, the
opposite coloured bishops just make things worse.} 22. Qg4+ Kh8 23. Rc4 Re5 24.
Rd5 Qe7 25. Qf3 Rg8 26. Kg2 Rg6 27. b4 axb4 28. Rxb4 Kg7 29. a4 Qe6 30. h4 f5
31. Rf4 {The technical phase will last a bit longer than necessary, but White
can take his time, of course.} (31. Rbb5 $5 {[%cal Ga4a5,Ga5a6] /\a5 looks
crushing.}) 31... Rf6 (31... Bxe3 $5 {is ineffective:} 32. Rxf5 $1 (32. fxe3 $2
Rxe3 $19) 32... Qxf5 33. Qxf5 Rxf5 34. Rxf5 Bc5 35. a5 $16) 32. Kh2 h6 33. h5
Kf8 34. Kg2 Kg7 35. Kh2 Kf8 36. Kg2 Kg7 37. Qd1 Kf8 38. Kf1 Qc8 39. Qd3 Kg7 40.
Kg2 Rxd5 41. Bxd5 {/\Qc3} (41. Qxd5 Qe6 $16) 41... Qe8 (41... Kg8 42. Qc3 Qd8
43. a5 Bc5 44. a6 $18) 42. Rxf5 Rxf5 43. Qxf5 $18 {Black has managed to
exchange all the rooks, but after the loss of a pawn he will not be able to
resist on both wings.} Qe7 44. Bb3 Qf6 45. Qd5 c5 46. Bc4 Ba5 47. f4 Qe7 48.
Kf2 Bc3 49. Ke2 Bb4 50. g4 Qd7 51. Kd3 Qe7 52. g5 hxg5 53. fxg5 Be1 54. g6 fxg6
55. Qg8+ Kf6 56. Qxg6+ Ke5 57. h6 d5 58. Qg7+ Qf6 59. Bxd5 Bh4 60. Kc4 Kd6 61.
Qxf6+ Bxf6 62. a5 Kc7 63. h7 1-0

[Event "Dortmund 46th"]
[Site "Dortmund"]
[Date "2018.07.18"]
[Round "4"]
[White "Kramnik, Vladimir"]
[Black "Duda, Jan Krzysztof"]
[Result "1-0"]
[WhiteElo "2792"]
[BlackElo "2737"]
[Annotator "Marin,M"]
[PlyCount "73"]
[EventDate "2018.07.14"]
[EventType "tourn"]
[EventRounds "7"]
[EventCountry "GER"]
[EventCategory "19"]
[SourceTitle "CBM 186"]
[Source "ChessBase"]
[SourceDate "2018.09.14"]
[SourceVersion "1"]
[SourceVersionDate "2018.09.14"]
[SourceQuality "1"]

1. c4 Nf6 2. Nc3 e5 3. Nf3 Nc6 4. g3 Bb4 5. Bg2 d6 ({The traditional main
lines are} 5... O-O 6. O-O e4 7. Ng5 ({or} 7. Ne1 Bxc3 8. dxc3) 7... Bxc3 8.
bxc3 {but the English Opening is not flexible from White's point of view only.
Black can also experiment in many ways!}) 6. O-O O-O 7. d3 Bxc3 {Black has
waited with this and the next move until White has exposed his d-pawn to the
exchange.} ({Against the flexible} 7... h6 8. Na4 {has been White's main
choice at top level in a couple of recent games..} (8. Nd5 Bc5 9. e3 {
transposes to a tabyia from the 5.Nd5 line.}) (8. Bd2 {is solid but not very
active. Black's most logical continuation is} a5 {as played in a few games.})
8... a5 9. b3 Qe7 (9... Re8 10. Bb2 Bf5 11. e3 {Svidler,P (2757)-Nakamura,H 
(2790) Moscow 2016 CBM 172 [Sagar Shah/CB Website] (½-½, 30)}) 10. Bb2 Bc5
11. e3 {Aronian,L (2786)-Topalov,V (2780) Moscow 2016 CBM 172 [Mekhitarian,K] 
(½-½, 58)}) 8. bxc3 e4 {The only consequent continuation.} ({If} 8... h6 {
White can consolidate his centre with} 9. e4 {[%cal Gf3e1,Ge1c2,Gc2e3,Gf2f4]
Black's position remains playable, of course, but White's play is preferable.}
Be6 10. Ne1 Nd7 11. Nc2 f5 12. exf5 Bxf5 13. Ne3 Bg6 14. Ba3 Kh8 15. Rb1 Rb8
16. Kh1 Nb6 17. Rb2 Qe8 18. c5 $36 {Zvjaginsev,V (2659)-Artemiev,V (2524)
Khanty-Mansiysk 2013 (1-0, 45)}) 9. Nd4 exd3 ({If} 9... Ne5 {White retains
some initiative by provoking radical structural changes:} 10. dxe4 ({Actually} 
10. f4 exf3 11. exf3 $5 $146 {is also promising, even though it is frustrating
that White is basically a tempo down with respect to the line with ...Ne5
after the exchange on d3.} c5 12. Nc2 Re8 13. Ne3 $14 {[%cal Gg3g4,Gd3d4]})
10... Nxc4 11. Qb3) 10. exd3 Nxd4 {The standard reaction in this type of
position. Optically this exchange strengthens White's centre (which would be
absolutely true if he could play d4-d5) but Black will block the double pawns
with ...d6-d5, leaving the final evaluation under some shadow.} (10... Bd7 {
is passive and Black would probably have to take on d4 at some later point
anyway.} 11. Rb1 Rb8 12. h3 Nxd4 13. cxd4 b5 14. Bd2 bxc4 15. dxc4 Bf5 16. Rb3
$14 {Arkhipov,S (2440)-Ilincic,Z (2480) Kecskemet 1990 (½-½, 38)}) (10... Ne5
11. f4 {Now there is no more ...exf3 in the way and this gains space without
waste of time.} Ng6 12. Rb1 c5 13. Nc2 Rb8 14. f5 Ne5 15. Ne3 b6 16. g4 Bb7 17.
Bxb7 Rxb7 18. g5 Ne8 19. h4 $16 {Nepomniachtchi,I (2718)-Savchenko,B (2580)
Sochi 2012 (1-0, 32)}) 11. cxd4 d5 (11... c6 {may be a bit more flexible, as
Bg5 does not make sense before Black has exposed his d-pawn. But it also
offers White a tempo to switch to some other plan.} 12. h3 ({Since in the
lines below I mention Bf4 a couple of times, I would also consider the untested
} 12. Bf4 $5 $14 {as Black cannot really avoid ...d6-d5 in the long run.})
12... Be6 ({This exposes the bishop a bit too early. After} 12... d5 {I would
consider} 13. Bf4 Be6 14. Rc1 $14 {[%cal Gf4e5,Gg3g4]}) 13. g4 d5 14. c5 b6 15.
f4 $1 $14 {Uhlmann,W (2495)-Liebert,H (2395) Germany 1992 (½-½, 55)}) 12. Bg5
{A logical move from the perspective of the fight for the centre. But its
drawback is that it forces matters at an early stage, with the risk of
offering White only the more pleasant side of a draw.} ({Once again the more
neutral} 12. Bf4 {comes into consideration.}) 12... c6 $146 (12... h6 {loses a
pawn without clear compensation.} 13. Bxf6 Qxf6 14. cxd5 {White's central
pawns are tripled, but Black's problem is that his c7-pawn is vulnerable.} Bd7
(14... Qxd4 15. Rc1 $14 {wins the c-pawn soon.}) 15. Qb3 Rab8 16. Rac1 Qd6 17.
Rfe1 Rfe8 18. Rxe8+ Bxe8 19. Qc4 Bd7 20. Qc5 {[%csl Ga7]} (20. Qxc7 $2 Rc8 $15
{[%cal Rc7f4] wins the queen as if} 21. Qxd6 $2 Rxc1+ 22. Bf1 Bh3 $19) 20... b6
(20... Qa6 21. Qxc7 Rc8 22. Qf4 Rxc1+ 23. Qxc1 Qxd3 24. h3 Qxd4 25. Qc7 $16 {
[%csl Gd5]}) 21. Qxd6 cxd6 22. Rc7 $14 {Malich,B-Hecht,H Skopje 1972 (½-½,
74)}) 13. cxd5 cxd5 {Black has a pawn majority while White does not. But White
is better developed and exerts pressure on d5. Besides, White has the
e5-square for his pieces, while e4 is unavailable for the black pieces. In
principle White's chances are slightly better but in case of simplifications
the tables could turn.} 14. Qb3 (14. Qf3 $5 h6 15. Bxf6 Qxf6 16. Qxf6 gxf6 {
Optically this looks pleasant for White as Black's kingside structure is in
ruins. But Kramnik must have thought this to be irrelevant without queens on
board. And yet, White retains some pressure.} 17. Rfc1 Bf5 18. Rc3 Rfd8 19. Re1
$14) 14... b6 {Preparing ...Be6.} (14... h6 15. Bf4 $5 (15. Bxf6 Qxf6 {[%csl
Gd4][%cal Gf8d8]}) 15... Bf5 16. Be5 $14 {[%cal Gh2h3,Gg3g4,Gf2f4]}) 15. Rae1 {
Kramnik chose precisely this rook, in order to maintain the possibility of
f4-f5.} ({Another possible plan was} 15. Rac1 h6 16. Bf4 $14 {and apart from
Be5 White can plan the intrusion to c7.}) 15... h6 {With hindsight, a correct
move, but not the only one.} (15... Be6 $5 16. f4 Qd7 17. Re5 Bf5 18. Bxf6 gxf6
19. Rxd5 Qe6 $44) 16. Bxf6 (16. Bf4 {makes less sense as Black is in time to
defend against the intrusion along the c-file} Be6) 16... Qxf6 17. Re5 Be6 {
Black's position out of the opening is entirely satisfactory.} 18. f4 {Kramnik
must have planned f4-f5 before taking on d5, but if so he probably overlooked
that this would not avoid the exchange of bishops. The way the game went the
last move is just a weakening of the second rank.} ({But the immediate capture
} 18. Bxd5 {does not seem too annoying, either:} Bxd5 19. Qxd5 Rac8 20. Rfe1
Rfd8 21. Qe4 Rc2 22. Rf5 Qd6 {and White's extra pawn is not too relevant
despite White's optical domination} 23. Qe7 $5 Rc7 $1) 18... Rac8 19. Rfe1 ({If
} 19. f5 Bd7 20. Bxd5 {Black has} Bc6 $11 {with similar play as in the game.
One important detail is that after} 21. Be4 {Black has} Rfd8 {[%csl Gd4] and
White's position is not as solid as it may seem.}) 19... Rc7 $5 {[%cal Gf8c8]
Defending the seventh rank and clearing the c8-square for the king's rook or
bishop.} 20. Bxd5 (20. f5 Bc8 21. Bxd5 Bxf5) 20... Bxd5 21. Qxd5 Rc2 22. Re8 {
The crucial moment. White seems to have some initiative but his weak second
rank restricts his possibilities. Black has to parry Rxf8+ followed by Qa8+
mating soon.} Rc8 $2 {Possibly overlooking the next move.} (22... g6 $44 {
or even}) (22... g5 $5 $44 {would have offered approximately equal chances.})
23. Qd7 $1 $16 {Suddenly Black faces the danger of landing in a very
unpleasant, possibly lost, ending. He can only choose whether it would be a
rook ending or a queen ending or a middlegame with an exposed king. In all the
cases White's double pawns would be strong.} Rd8 $6 (23... Ra8 $6 24. Rxa8 Rxa8
25. Re8+ Rxe8 26. Qxe8+ Kh7 27. Qe5 Qg6 {Otherwise White would simply push his
d4-pawn.} 28. Qe4 Kg8 29. Qxg6 $1 {Not an easy decision to take over the board.
Usually, an extra pawn offers a decisive advantage in pawn endings with many
pawns, but here White's pawns are doubled and Black has an outside majority.
But as we will see White's space advantage will incline the balance to his
favour.} fxg6 30. Kf2 Kf7 31. d5 Ke7 32. Ke3 Kd6 33. Ke4 $5 {Probably the most
precise, anticipating ...g6-g5.} b5 (33... g5 34. Kf5 $1 {Targeting g7.} gxf4
35. gxf4 b5 36. Kg6 a5 37. Kxg7 {and White wins by just one tempo.} b4 38. f5
a4 39. f6 b3 40. axb3 axb3 41. f7 b2 42. f8=Q+) 34. h4 $1 {Blocking the
kingside and putting Black into zugzwang soon.} a5 35. Kd4 h5 (35... b4 36. Kc4
$18) 36. a3 b4 37. axb4 axb4 38. Kc4 b3 39. Kxb3 Kxd5 40. Kc3 $18) ({The best
chance for survival might have been} 23... Rcxe8 24. Rxe8 g5 (24... Rxe8 25.
Qxe8+ {transposes above.}) (24... g6 25. Kf2 Kg7 26. Ke3 $18) 25. Re4 $5 $16 {
with attacking chances.}) 24. Rxd8 Qxd8 25. Re7 Qc8 26. Qxc8 Rxc8 27. Kf2 $18 {
The strength of the double pawns consists of the fact that one could advance
to promotion while the other one would protect the king from checks.} Kf8 (
27... a6 28. Ra7 Rc2+ 29. Ke3 Kf8 (29... Rxa2 30. Ra8+ Kh7 31. d5 {promotes.})
30. d5 Rxa2 31. d6 Ke8 32. Re7+ Kd8 (32... Kf8 33. Re4 $1 {makes the pawn
unstoppable.}) 33. Rxf7 g6 34. h4 b5 35. h5 gxh5 36. f5 $18 {Black's connected
pawns are too slow.}) 28. Rxa7 Rc2+ 29. Ke3 Rxh2 30. d5 g5 (30... Ke8 31. d6
Rg2 32. Kf3 Rd2 33. Ke4 Rg2 34. Kd5 Rxg3 35. Kc6 $18) 31. f5 f6 32. d6 Ke8 33.
Kd4 h5 34. Kd5 b5 35. Ke6 Re2+ 36. Kxf6 h4 37. Re7+ $1 {The most convincing.} (
37. Re7+ Rxe7 38. dxe7 hxg3 39. Ke6 g2 40. f6 g1=Q 41. f7#) ({But there was
nothing wrong with} 37. gxh4 gxh4 38. Rh7 $18) 1-0